LEADER 00994nam a2200253 i 4500 001 991002861769707536 005 20020503174156.0 008 941202s1989 it ||| | ita 035 $ab10424933-39ule_inst 035 $aEXGIL111067$9ExL 040 $aDip.to Filol. Ling. e Lett.$bita 100 1 $aCiotti, Ilaria$0468374 245 10$aGasparo Gozzi :$bil lavoro di un intellettuale nel settecento veneziano :$batti del convegno Venezia-Pordenone, 4-6 dicembre 1986 /$ca cura di Ilaria Ciotti e Ricciarda Ricorda 260 $aPadova :$bAntenore,$c1989 300 $a491 p. ;$c24 cm. 490 0 $aBiblioteca veneta ;$v7 650 4$aGozzi, Gasparo 700 1 $aRicorda, Ricciarda 907 $a.b10424933$b21-02-17$c27-06-02 912 $a991002861769707536 945 $aLE008 LLI IV F 110$g1$i2008000314583$lle008$o-$pE0.00$q-$rl$s- $t0$u1$v2$w1$x0$y.i10493839$z27-06-02 996 $aGasparo Gozzi$9219480 997 $aUNISALENTO 998 $ale008$b01-01-94$cm$da $e-$fita$git $h0$i1